| 000 | 00865nam a2200217 i 4500 | ||
|---|---|---|---|
| 001 | 152728 | ||
| 003 | ES-MaACL | ||
| 005 | 20230906204844.0 | ||
| 008 | 051018s1898 fr |||| | fre d | ||
| 080 | _a7.01 | ||
| 100 | 1 |
_aBridgman, Frederick Arthur. _9126169 |
|
| 245 | 1 | 2 |
_aL'anarchie dans l'art / _cF.-A. Bridgman ; traduit de l'anglais. |
| 260 |
_aParis : _bSociété Française d'Editions d'Art, _c[1898] ( _fLib.-imp. réunies, Montteroz) |
||
| 300 |
_a248 p. ; _c19 cm. |
||
| 530 | _aDisponible en formato digital. | ||
| 596 | _aSegún BN Opale-plus imp. en 1898. | ||
| 650 | 4 |
_aArte y política- _yS.XIX. _9157266 |
|
| 650 | 4 |
_aArte- _xFilosofía- _yS.XIX. _9173287 |
|
| 852 |
_aES-MaACL _jT-886-F-1 _z- Enc. hol., conservando cub. cromolit. _z- Enc. en un vol. facticio |
||
| 856 | 4 |
_uhttps://archive.org/details/gri_33125011205628 _zInternet Archive |
|
| 999 |
_c152728 _d152728 |
||